000 00682nam a2200229 u 4500
005 20240831063725.0
008 090526s2005 es r 000 0 spa d
020 _a8426352030
035 _aUPN01000170673
049 _aI
050 4 _aPZ74.9
_bC3.7 2005
100 1 _aCabal, Ulises
245 1 3 _aEl misterio de la ratonera asesina /
_cUlises Cabal ; il. Gabriel Hernández Walta.
250 _a2a ed.
260 _aZaragoza, Esp. :
_bEdelvives,
_c2005.
300 _a172 p. :
_bil.
440 0 _aAla delta.
_pVerde ;
_v34
650 0 _aCuentos policíacos y de misterio
_92405
650 4 _aCuentos infantiles españoles
_97725
905 _aInfantil
999 _c142778
_d142778